| Поле | Инд. | ПП | Название | Значение |
|---|---|---|---|---|
| Тип записи | a | |||
| Библиографический уровень | m | |||
| 001 | Контрольный номер | 8f0f7111593c4c4bab9ce77284566fff | ||
| 005 | Дата корректировки | 20260226190457.8 | ||
| 084 | a | Индекс другой классификации/Индекс ББК | 3 | |
| 091 | i | Возрастная адресация (DOS) | 0+ | |
| 097 | b | Оператор | Чирова | |
| 245 | 10 | a | Заглавие | Фиксики |
| n | Номер части/ раздела | 1 | ||
| 260 | c | Дата издания | 2026 | |
| 900 | a | Имя макрообъекта | E0041D100131E133 | |
| 901 | t | Тип документа | s |